000 01044cam a22003493a 4500
001 161
003 PGUSA
005 20140828082944.0
008 940901s1994||||xxu|||||s|||||000 1 eng d
040 _aPGUSA
_beng
042 _adc
050 4 _aPR
100 1 _aAusten, Jane,
_d1775-1817
245 1 0 _aSense and Sensibility
_h[electronic resource] /
_cJane Austen
260 _bProject Gutenberg,
_c1994
506 _aPublic domain in the USA.
516 _aElectronic text
653 _aDomestic fiction
653 _aLove stories
653 _aSocial classes -- Fiction
653 _aEngland -- Fiction
653 _aYoung women -- Fiction
653 _aGentry -- England -- Fiction
653 _aSisters -- Fiction
653 _aInheritance and succession -- Fiction
653 _aMate selection -- Fiction
653 _aEngland -- Social life and customs -- 19th century -- Fiction
653 _aRegency fiction
830 0 _aProject Gutenberg
_v161
856 4 0 _uhttp://www.gutenberg.org/ebooks/161
942 _cEB
999 _c229532
_d229532